Language Quiz

Random Language or Animal Quiz
Score 0/20 Timer 06:00
0 Plays Today
Archaic/dialect name Modern/standard name % Correct
OliphantElephant
82.6%
FlittermouseBat
79.8%
AttercopSpider
79.8%
GrimalkinCat
78.9%
DumbledoreBumblebee
77.7%
PaddockFrog
71.5%
JackanapesMonkey
69.8%
EmmetAnt
66.9%
PartanCrab
61.6%
TodFox
59.5%
Archaic/dialect name Modern/standard name % Correct
MereswineDolphin
59.5%
ConyRabbit
59.5%
CamelopardGiraffe
50.8%
CapleHorse
43%
AdderboltDragonfly
40.9%
BausonBadger
39.7%
Clock-a-clayLadybird
39.3%
UrchinHedgehog
34.7%
PhilomelNightingale
30.6%
PietMagpie
15.7%
Remove Ads.
Support Sporcle.
Get the best of Sporcle when you Go Orange. This ad-free experience offers more features, more stats, and more fun while also helping to support Sporcle. Thank you for becoming a member.

You're not logged in!

Compare scores with friends on all Sporcle quizzes.
OR
Log In

Show Comments

Extras

Top Quizzes Today


Score Distribution

Your Account Isn't Verified!

In order to create a playlist on Sporcle, you need to verify the email address you used during registration. Go to your Sporcle Settings to finish the process.

Report this User

Report this user for behavior that violates our Community Guidelines.

Details: